ბათუმის შოთა რუსთაველის სახელმწიფო უნივერსიტეტის ბიბლიოთეკა

ჩანაწერი Personal Name

ჩანაწერთა რაოდენობა, რომელიც გამოყენებულია: 1

001 - CONTROL NUMBER

  • control field: 4578

003 - CONTROL NUMBER IDENTIFIER

  • control field: GE_BSU

005 - DATE AND TIME OF LATEST TRANSACTION

  • control field: 20191007142804.0

008 - FIXED-LENGTH DATA ELEMENTS

  • fixed length control field: 191007|| aca||aabn | a|a d

040 ## - CATALOGING SOURCE

  • Original cataloging agency: GE_BSU
  • Transcribing agency: GE_BSU

100 ## - HEADING--PERSONAL NAME

  • Personal name: Warke, Val

670 ## - SOURCE DATA FOUND

  • Source citation: Work cat.: (GE_BSU)56480: Simitch, Andrea. 4577, The Language of Architecture: 26 Principles Every Architect Should Know